| 000 | 00646nam a2200253 a 4500 | ||
|---|---|---|---|
| 003 | AR-BaBNM | ||
| 005 | 20251128202915.0 | ||
| 008 | 082120s2002 ||||||||||||||000 | spa|| | ||
| 040 | _cAR-BaBNM | ||
| 245 | 0 | 0 | _aNueva semblanza de Abraham Lincoln |
| 250 | _a1ª ed. | ||
| 260 |
_aMéxico, D.F. _bNovaro _c1964 |
||
| 300 | _a350 p. | ||
| 650 | 4 | _aBIOGRAFIAS | |
| 650 | 4 | _aHISTORIA POLITICA | |
| 650 | 4 | _aHISTORIA MODERNA | |
| 650 | 4 | _aSIGLO DIECINUEVE | |
| 651 | 4 | _aEstados Unidos | |
| 655 | _aBIOGRAFIAS | ||
| 700 | 1 |
_aKranz, Henry B. _ecompilador |
|
| 700 | 1 |
_aGuzmán Balboa, Antonio _etraductor |
|
| 942 | _cBK | ||
| 998 | _cEnrique | ||
| 999 |
_c1147 _d1147 |
||